000 01795cam a2200133 4500500
005 20251214002821.0
041 _afre
042 _adc
100 1 0 _aMorel, Pierre-Marie
_eauthor
245 0 0 _aPlotin : L'Odyssée de l'âme
260 _bArmand Colin,
_c2016.
520 _a« Enlève tout ! » Plotin l’ordonne : l’âme humaine doit tout retrancher, supprimer tout ce qui l’encombre et l’alourdit. En répétant et en appliquant ce mot d’ordre, elle délaissera la séduction des apparences sensibles et des plaisirs immédiats. Elle accomplira son être véritable et pourra atteindre les principes supérieurs, à commencer par l’Intellect, dont elle provient et auquel elle aspire. Comme Ulysse, l’âme doit accomplir sa propre odyssée.On insiste souvent sur les ruptures qui semblent marquer le système plotinien, et sur le saut que représente l’expérience ultime et indicible de l’union avec le Bien.Ce livre, en procédant à une relecture d’ensemble des Ennéades, entend au contraire restituer l’unité du système et la continuité qui relie les niveaux qu’il distingue : l’Âme, l’Intellect et le Bien. Il montre qu’il s’agit fondamentalement d’une continuité de la raison, sous ses différentes formes, et que l’odyssée plotinienne, plutôt qu’une ascension mystique, est avant tout une démarche rationnelle.Cette lecture du projet plotinien comme entreprise réellement philosophique le replace dans le contexte d’exégèse – celle, d’abord, des Dialogues de Platon –, et de polémiques – en particulier avec Aristote et les stoïciens – qui caractérise le moment de son émergence, au IIIe siècle de notre ère.
856 4 1 _uhttps://shs.cairn.info/plotin--9782200291174?lang=fr&redirect-ssocas=7080
999 _c1567513
_d1567513